000 00628nam a2200241Ia 4500
003 OSt
005 20221007101934.0
006 a|||||r|||| 00| 0
007 ta
008 221006b |||||||| |||| 00| 0 eng d
024 _a8,920
037 _cTextual
040 _aLCO
_cLCO
_beng
041 _2eng
_aeng
082 _aX:97D:(Z2,5), K7
100 _aGHOSH S K
245 0 _aImpact of Industrialisation on law & order
260 _aLondon
_bHarvard Univ. press
_c1967
300 _a200
650 _aINDUSTRIAL LAW
942 _hX:97D:(Z2,5), K7
_cTEXL
999 _c1178483
_d1178483